Betónové konštrukcie: Dimenzovanie - pre všetky odbory /
Salvato in:
| Autori principali: | , , , , |
|---|---|
| Natura: | Libro |
| Lingua: | slovacco |
| Pubblicazione: |
Bratislava:
Slovenská vysoká škola technická v Bratislave,
1983
|
| Edizione: | 1. vyd. - 2. dotlač |
| Tags: |
Nessun Tag, puoi essere il primo ad aggiungerne!!
|
MARC
| LEADER | 00000nam a22000003a 4500 | ||
|---|---|---|---|
| 001 | 0073003 | ||
| 003 | SK-STU | ||
| 005 | 20190506100020.7 | ||
| 007 | ta | ||
| 008 | 190506s ----xo-----e------000-0-----d | ||
| 040 | |a STU |b slo | ||
| 041 | 0 | |a slo |h slo | |
| 044 | |a xo | ||
| 100 | 1 | |a Pirháč, Ladislav |4 aut | |
| 245 | 1 | 0 | |a Betónové konštrukcie: |b Dimenzovanie - pre všetky odbory / |c aut. Ladislav Pirháč, Miloš Ballo, Ivan Havránek, Štefan Hajdu, Emil Holub |
| 250 | |a 1. vyd. - 2. dotlač | ||
| 260 | |a Bratislava: |b Slovenská vysoká škola technická v Bratislave, |c 1983 | ||
| 300 | |a 197 s. | ||
| 700 | 1 | |a Ballo, Miloš |4 aut | |
| 700 | 1 | |a Havránek, Ivan |4 aut | |
| 700 | 1 | |a Hajdu, Štefan |4 aut | |
| 700 | 1 | |a Holub, Emil |4 aut | |
| 996 | |b 284V041096 |c V* 43782/S-19 |l VVT |s A |a 24 |w 0073003_0001 | ||